[Event "Chigorin Memorial 27th"]
[Site "St Petersburg"]
[Date "2019.10.13"]
[Round "9"]
[White "Yudkevich, Mikhail"]
[Black "Indzhiev, Aldar"]
[Result "0-1"]
[WhiteElo "1954"]
[BlackElo "2180"]
[PlyCount "70"]
[EventDate "2019.10.05"]
[EventType "swiss"]
[EventRounds "9"]
[EventCountry "RUS"]
[SourceTitle "EXT 2021"]
[Source "ChessBase"]
[SourceDate "2020.10.23"]
[SourceVersion "1"]
[SourceVersionDate "2020.10.23"]
[SourceQuality "1"]

1. d4 Nf6 2. c4 e6 3. g3 d5 4. Nf3 dxc4 5. Bg2 a6 6. 0-0 Nc6 7. e3 Rb8 8. Qe2 b5 9. Rd1 Bb7 10. Nc3 Be7 11. e4 Nb4 12. Ne1 0-0 13. Bf4 Qc8 14. a4 Bc6 15. g4 Rd8 16. g5 Ne8 17. h4 Bd6 18. Be3 e5 19. dxe5 Bxe5 20. f4 Bxc3 21. bxc3 Nd3 22. Nxd3 cxd3 23. Rxd3 Rxd3 24. Qxd3 Qg4 25. axb5 axb5 26. Ra6 Bb7 27. Ra5 Nd6 28. Kf1 Re8 29. Ra7 h5 30. Rxb7 Nxb7 31. Qxb5 Qd1+ 32. Kf2 Nd6 33. Qc6 Rb8 34. Bf3 Rb2+ 35. Kg3 Qe1+ 0-1

[Event "Chigorin Memorial 27th"]
[Site "St Petersburg"]
[Date "2019.10.10"]
[Round "6"]
[White "Vorontsov, Dmitry"]
[Black "Yudkevich, Mikhail"]
[Result "0-1"]
[WhiteElo "1683"]
[BlackElo "1954"]
[PlyCount "66"]
[EventDate "2019.10.05"]
[EventType "swiss"]
[EventRounds "9"]
[EventCountry "RUS"]
[SourceTitle "EXT 2020"]
[Source "ChessBase"]
[SourceDate "2019.10.17"]
[SourceVersion "1"]
[SourceVersionDate "2019.10.17"]
[SourceQuality "1"]

1. e4 c5 2. Nf3 Nf6 3. Nc3 Nc6 4. d4 cxd4 5. Nxd4 d6 6. Be2 e6 7. Be3 a6 8. Qd2 Bd7 9. 0-0 Nxd4 10. Qxd4 Be7 11. f4 Bc6 12. Bf3 0-0 13. Rad1 b5 14. a3 Qc8 15. e5 Bxf3 16. Rxf3 dxe5 17. fxe5 Rd8 18. Qf4 Rxd1+ 19. Nxd1 Nd5 20. Qxf7+ Kh8 21. Rg3 Qg8 22. Qxg8+ Kxg8 23. Bh6 Bc5+ 24. Ne3 Ra7 25. Kf1 Rf7+ 26. Ke1 Bd4 27. c3 Bxe5 28. Rg4 Nf6 29. Rg5 Bxh2 30. Ng4 Bg3+ 31. Ke2 Ne4 32. Nf6+ Rxf6 33. Rxg7+ Kh8 0-1

[Event "Chigorin Memorial 27th"]
[Site "St Petersburg"]
[Date "2019.10.09"]
[Round "5"]
[White "Yudkevich, Mikhail"]
[Black "Matveev, Ivan A"]
[Result "1/2-1/2"]
[WhiteElo "1954"]
[BlackElo "1674"]
[PlyCount "84"]
[EventDate "2019.10.05"]
[EventType "swiss"]
[EventRounds "9"]
[EventCountry "RUS"]
[SourceTitle "EXT 2020"]
[Source "ChessBase"]
[SourceDate "2019.10.17"]
[SourceVersion "1"]
[SourceVersionDate "2019.10.17"]
[SourceQuality "1"]

1. d4 d5 2. c4 e6 3. Nc3 Nf6 4. Nf3 Be7 5. Bf4 c6 6. e3 Nbd7 7. c5 b6 8. b4 bxc5 9. bxc5 Qa5 10. Qd2 0-0 11. h3 Bd8 12. Bd3 Ba6 13. Rc1 Bxd3 14. Qxd3 Bc7 15. 0-0 Rfe8 16. Bxc7 Qxc7 17. Qa6 Qc8 18. Qxc8 Rexc8 19. Rb1 Rab8 20. a3 Rxb1 21. Rxb1 Rb8 22. Rxb8+ Nxb8 23. Ne5 Kf8 24. Na2 Nfd7 25. Nd3 Ke7 26. f3 Kd8 27. Kf2 Kc7 28. g4 Kb7 29. e4 Na6 30. e5 Nc7 31. a4 Nb8 32. Ndc1 Kc8 33. Nb3 Nca6 34. Na5 Nc7 35. Nb4 Kd7 36. Nb7 Ne8 37. f4 g6 38. Kg3 h6 39. h4 Ke7 40. h5 gxh5 41. f5 f6 42. Na5 Kd7 1/2-1/2

[Event "Sochi Archibald op 1st"]
[Site "Sochi"]
[Date "2019.05.19"]
[Round "9"]
[White "Yudkevich, Mikhail"]
[Black "Azimov, Ilyas"]
[Result "1/2-1/2"]
[WhiteElo "1971"]
[BlackElo "2223"]
[PlyCount "205"]
[EventDate "2019.05.12"]
[EventType "swiss"]
[EventRounds "9"]
[EventCountry "RUS"]
[SourceTitle "CBM 190 Extra"]
[Source "ChessBase"]
[SourceDate "2019.07.15"]
[SourceVersion "1"]
[SourceVersionDate "2019.07.15"]
[SourceQuality "1"]

1. d4 Nf6 2. c4 e6 3. g3 c5 4. d5 exd5 5. cxd5 d6 6. Nc3 g6 7. Bg2 Bg7 8. Nf3 0-0 9. 0-0 Re8 10. Bf4 Ne4 11. Nxe4 Rxe4 12. Nd2 Rxf4 13. gxf4 Bxb2 14. Rb1 Bg7 15. e4 Qf6 16. Qf3 Nd7 17. Rfe1 Rb8 18. e5 dxe5 19. fxe5 Nxe5 20. Qxf6 Bxf6 21. Ne4 Kg7 22. Nxc5 b6 23. Rb3 Bf5 24. Ne4 Bxe4 25. Rxe4 Rd8 26. Ra4 Rd7 27. f4 Ng4 28. Rba3 Be7 29. Rxa7 Bc5+ 30. Kf1 Nxh2+ 31. Ke2 Rd6 32. Rd3 Ng4 33. Bh3 Nh6 34. Kf3 Rf6 35. Ke4 Bd6 36. Rf3 Ng8 37. Rd7 h5 38. Be6 Bc5 39. Bh3 Ne7 40. Rd3 Bd6 41. Rf3 Bc5 42. Rd3 Nc8 43. Ke5 Bd6+ 44. Rxd6 Nxd6 45. Rc3 b5 46. Rc6 Nc4+ 47. Ke4 h4 48. a4 Rxc6 49. dxc6 bxa4 50. Kd3 a3 51. Kxc4 a2 52. c7 a1Q 53. c8Q Qc1+ 54. Kd3 Qxf4 55. Ke2 Qh2+ 56. Kf1 f5 57. Bg2 Qf4+ 58. Kg1 Qe3+ 59. Kh1 h3 60. Qb7+ Kh6 61. Bd5 f4 62. Qc6 Qe1+ 63. Kh2 Qf2+ 64. Kh1 h2 65. Qc1 Kh5 66. Bg2 f3 67. Bxf3+ Qxf3+ 68. Kxh2 Qe2+ 69. Kg3 Qg4+ 70. Kh2 Qf3 71. Qc2 Qf4+ 72. Kh1 Qf3+ 73. Kg1 Qg3+ 74. Kh1 Qh3+ 75. Kg1 Qe3+ 76. Kh1 Qf3+ 77. Kg1 Qh3 78. Qc7 Qe3+ 79. Kh1 g5 80. Qc2 Kh4 81. Qh7+ Kg4 82. Qc2 Qe1+ 83. Kh2 Qg3+ 84. Kh1 Qf3+ 85. Kg1 Qf4 86. Kh1 Kf3 87. Qf2+ Kg4 88. Qc2 Qe3 89. Qg2+ Kh4 90. Qc2 Qf3+ 91. Kg1 Qe3+ 92. Kh1 Qf4 93. Qh7+ Kg4 94. Qc2 Kf3 95. Qf2+ Ke4 96. Qc2+ Ke3 97. Qc3+ Ke2 98. Qc2+ Ke1 99. Qf2+ Kd1 100. Kg2 Qg4+ 101. Qg3 Qe2+ 102. Qf2 Qxf2+ 103. Kxf2 1/2-1/2

[Event "Sochi Archibald op 1st"]
[Site "Sochi"]
[Date "2019.05.14"]
[Round "4"]
[White "Yudkevich, Mikhail"]
[Black "Najdin, Danil"]
[Result "1/2-1/2"]
[WhiteElo "1971"]
[BlackElo "2314"]
[PlyCount "88"]
[EventDate "2019.05.12"]
[EventType "swiss"]
[EventRounds "9"]
[EventCountry "RUS"]
[SourceTitle "CBM 190 Extra"]
[Source "ChessBase"]
[SourceDate "2019.07.15"]
[SourceVersion "1"]
[SourceVersionDate "2019.07.15"]
[SourceQuality "1"]

1. d4 d5 2. c4 e6 3. Nf3 c6 4. g3 Bd6 5. Bg2 f5 6. 0-0 Nf6 7. b3 Qe7 8. Bb2 b6 9. Ne5 Bb7 10. Nd2 0-0 11. Rc1 a5 12. Ndf3 Ne4 13. Nd3 a4 14. bxa4 Nd7 15. Nfe5 Ra7 16. cxd5 cxd5 17. Nc6 Bxc6 18. Rxc6 Rfa8 19. f3 Nef6 20. Qb3 Rxa4 21. Rc8+ Rxc8 22. Qxa4 Rc4 23. Qb3 Rc7 24. Rc1 Qd8 25. Rxc7 Qxc7 26. e4 Be7 27. e5 Ne8 28. Bf1 Kf7 29. a4 Nb8 30. Nb4 Bxb4 31. Qxb4 Nc6 32. Qc3 Na5 33. Qb4 Nc4 34. Ba3 Nxa3 35. Qxa3 f4 36. Bb5 g6 37. Bxe8+ Kxe8 38. gxf4 Qc6 39. Kg2 Qc2+ 40. Kg3 Qc7 41. Qb4 Kf7 42. Qb5 h6 43. Qb4 Qc6 44. Qb5 Qc7 1/2-1/2

[Event "Sochi Archibald op 1st"]
[Site "Sochi"]
[Date "2019.05.13"]
[Round "2"]
[White "Yudkevich, Mikhail"]
[Black "Yandarbiev, Ruslan"]
[Result "1/2-1/2"]
[WhiteElo "1971"]
[BlackElo "2279"]
[PlyCount "63"]
[EventDate "2019.05.12"]
[EventType "swiss"]
[EventRounds "9"]
[EventCountry "RUS"]
[SourceTitle "CBM 190 Extra"]
[Source "ChessBase"]
[SourceDate "2019.07.15"]
[SourceVersion "1"]
[SourceVersionDate "2019.07.15"]
[SourceQuality "1"]

1. d4 Nf6 2. c4 g6 3. g3 Bg7 4. Bg2 0-0 5. Nc3 d6 6. Nf3 Nbd7 7. 0-0 e5 8. e4 c6 9. h3 exd4 10. Nxd4 Re8 11. Be3 Nc5 12. Qc2 Qe7 13. Rfe1 a5 14. Rad1 Bd7 15. Bf4 Bf8 16. Nb3 Qe6 17. Nxc5 dxc5 18. Na4 Ra6 19. e5 Nh5 20. Be3 b6 21. g4 Ng7 22. Qd3 Bc8 23. Bh6 Be7 24. Qe3 Rd8 25. Rxd8+ Bxd8 26. b3 Ra7 27. Bg5 Bc7 28. Rd1 Qe8 29. Bf6 Ne6 30. Qh6 Bd7 31. Nc3 Qf8 32. Qxf8+ 1/2-1/2

[Event "Sochi Archibald op 1st"]
[Site "Sochi"]
[Date "2019.05.12"]
[Round "1"]
[White "Eraschenkov, Denis"]
[Black "Yudkevich, Mikhail"]
[Result "1-0"]
[WhiteElo "2391"]
[BlackElo "1971"]
[PlyCount "139"]
[EventDate "2019.05.12"]
[EventType "swiss"]
[EventRounds "9"]
[EventCountry "RUS"]
[SourceTitle "CBM 190 Extra"]
[Source "ChessBase"]
[SourceDate "2019.07.15"]
[SourceVersion "1"]
[SourceVersionDate "2019.07.15"]
[SourceQuality "1"]

1. c4 e6 2. Nf3 d5 3. e3 Nf6 4. b3 c5 5. Bb2 Nc6 6. cxd5 exd5 7. Bb5 Bd6 8. 0-0 0-0 9. Bxc6 bxc6 10. Qc2 Qe7 11. d4 cxd4 12. exd4 c5 13. Re1 Be6 14. Nc3 Rac8 15. dxc5 Bxc5 16. Qd3 Rfd8 17. Na4 Bb4 18. Re2 Ba3 19. Nd4 Bxb2 20. Rxb2 Bd7 21. Nc3 Qc5 22. Nce2 h6 23. Rc2 Qa3 24. Rac1 Qd6 25. f3 Rxc2 26. Rxc2 Rc8 27. g3 Rxc2 28. Qxc2 Qb6 29. Qd2 Qc5 30. Kg2 Kf8 31. Nc2 Be6 32. b4 Qc4 33. Ne3 Qc7 34. Nd4 Qb6 35. Qc3 Ke8 36. a4 Kd7 37. Nb3 Ke7 38. Nd4 Ne8 39. b5 Nd6 40. a5 Qb7 41. Qb4 Kd7 42. Kf2 g6 43. Nd1 Qc7 44. Nc3 Qc4 45. Qxc4 Nxc4 46. Nc6 Kc7 47. Ne2 a6 48. Ncd4 axb5 49. Nxb5+ Kb7 50. Nbd4 Nxa5 51. Nf4 Bd7 52. Nxd5 Nc6 53. Nb3 Nd8 54. Nf6 Be6 55. Nd4 h5 56. Ke3 Kc7 57. Kf4 Kd6 58. Kg5 Ke5 59. Ne2 Bc4 60. f4+ Kd6 61. Nd4 Ne6+ 62. Nxe6 Kxe6 63. f5+ gxf5 64. Nxh5 Ke5 65. h4 Ke4 66. Nf4 Kf3 67. h5 Kxg3 68. h6 f6+ 69. Kxf5 Bb3 70. Ng6 1-0

[Event "Chigorin Memorial 26th"]
[Site "St Petersburg"]
[Date "2018.11.04"]
[Round "9"]
[White "Manin, Viktor L"]
[Black "Yudkevich, Mikhail"]
[Result "0-1"]
[WhiteElo "2100"]
[BlackElo "1993"]
[PlyCount "172"]
[EventDate "2018.10.27"]
[EventType "swiss"]
[EventRounds "9"]
[EventCountry "RUS"]
[SourceTitle "CBM 187 Extra"]
[Source "ChessBase"]
[SourceDate "2018.11.04"]
[SourceVersion "1"]
[SourceVersionDate "2018.11.04"]
[SourceQuality "1"]

1. d4 Nf6 2. g3 e6 3. Bg2 c5 4. Nf3 d5 5. 0-0 Nc6 6. b3 Be7 7. Bb2 0-0 8. e3 b6 9. Nbd2 Ba6 10. Re1 Rc8 11. Rc1 cxd4 12. exd4 Nb4 13. Ne5 Nd7 14. Ndf3 Nxe5 15. Nxe5 Rc7 16. c3 Nc6 17. Nd3 Bd6 18. Rc2 Nb8 19. Rce2 Nd7 20. Re3 Nf6 21. Ne5 Bb7 22. Bf1 Qe7 23. f3 Ba3 24. Ba1 a5 25. Qd3 Nd7 26. Ng4 Nf6 27. Nf2 Qd8 28. Qb5 Nd7 29. Bh3 Bc6 30. Qe2 Nf6 31. Qd2 Bb5 32. Nd3 Re7 33. Ne5 Nd7 34. Ng4 Ree8 35. b4 Qc7 36. Rb1 Bc4 37. Bf1 Bxf1 38. Kxf1 Ra8 39. b5 Rac8 40. Kg2 Qd8 41. Qd3 Rc4 42. Re2 Bd6 43. Bb2 Qc8 44. Ne3 Rc7 45. Rc1 Nf6 46. c4 Be7 47. Rec2 dxc4 48. Nxc4 Nd5 49. a3 Bg5 50. Re1 Rd8 51. Kf2 Bf6 52. Rec1 Qd7 53. Ne5 Bxe5 54. dxe5 Rdc8 55. a4 Rxc2+ 56. Rxc2 Rxc2+ 57. Qxc2 Nb4 58. Qc3 Nd3+ 59. Ke3 Nxb2 60. Qxb2 h5 61. Qc2 g6 62. Qc6 Qd1 63. Kf2 Qd2+ 64. Kg1 Qd4+ 65. Kg2 Kg7 66. f4 Qd2+ 67. Kh3 Qf2 68. Qc7 Qg1 69. Qd8 Qf2 70. Qf6+ Kg8 71. Kh4 Qc5 72. Qd8+ Kg7 73. Kg5 Qf8 74. Qc7 Qb4 75. Qd8 Qf8 76. Qc7 Qb4 77. Kh4 Qd4 78. h3 Qe3 79. Qd8 Qa3 80. Qf6+ Kg8 81. Qd8+ Kg7 82. Qf6+ Kg8 83. Qd8+ Kg7 84. Qc7 Qe3 85. Qd6 g5+ 86. fxg5 Kg6 0-1

[Event "Chigorin Memorial 26th"]
[Site "St Petersburg"]
[Date "2018.11.01"]
[Round "6"]
[White "Yudkevich, Mikhail"]
[Black "Moskaleva, Arina"]
[Result "1-0"]
[WhiteElo "1993"]
[BlackElo "1675"]
[PlyCount "93"]
[EventDate "2018.10.27"]
[EventType "swiss"]
[EventRounds "9"]
[EventCountry "RUS"]
[SourceTitle "CBM 187 Extra"]
[Source "ChessBase"]
[SourceDate "2018.11.04"]
[SourceVersion "1"]
[SourceVersionDate "2018.11.04"]
[SourceQuality "1"]

1. d4 d5 2. c4 e6 3. Nf3 Nf6 4. g3 Be7 5. Bg2 0-0 6. 0-0 c5 7. cxd5 Nxd5 8. dxc5 Bxc5 9. a3 a5 10. e4 Nf6 11. Qc2 Be7 12. Rd1 Bd7 13. Nc3 Qc8 14. Bf4 Bc6 15. Ne5 Be8 16. Qe2 Nc6 17. Nc4 Bd7 18. Nb6 Qd8 19. Nxa8 e5 20. Be3 Qxa8 21. Nd5 Nxd5 22. exd5 Na7 23. d6 Bf6 24. Be4 Nb5 25. Qh5 g6 26. Qf3 Bg7 27. Bxb7 Qb8 28. Qd5 Nd4 29. Bxd4 exd4 30. Rac1 Be6 31. Qc6 Bg4 32. f3 Bf5 33. g4 Be6 34. Rc5 Qd8 35. Qc7 Qh4 36. Qxa5 Bxg4 37. Qe1 Qxe1+ 38. Rxe1 Bf5 39. Be4 Be6 40. Rb5 Rd8 41. Bd3 h5 42. a4 Rxd6 43. a5 Kh8 44. a6 Bd5 45. Re8+ Kh7 46. Rxd5 Rxd5 47. a7 1-0

[Event "Chigorin Memorial 26th"]
[Site "St Petersburg"]
[Date "2018.10.31"]
[Round "5"]
[White "Archelkov, Arseniy"]
[Black "Yudkevich, Mikhail"]
[Result "1/2-1/2"]
[WhiteElo "1657"]
[BlackElo "1993"]
[PlyCount "89"]
[EventDate "2018.10.27"]
[EventType "swiss"]
[EventRounds "9"]
[EventCountry "RUS"]
[SourceTitle "CBM 187 Extra"]
[Source "ChessBase"]
[SourceDate "2018.11.04"]
[SourceVersion "1"]
[SourceVersionDate "2018.11.04"]
[SourceQuality "1"]

1. e4 e6 2. d4 d5 3. Nc3 Bb4 4. e5 c5 5. a3 Bxc3+ 6. bxc3 Ne7 7. a4 Nbc6 8. Nf3 Qa5 9. Bd2 h6 10. h4 Bd7 11. h5 0-0-0 12. c4 Qc7 13. c3 dxc4 14. Bxc4 Na5 15. Bb5 c4 16. 0-0 Nd5 17. Qc2 a6 18. Bxd7+ Rxd7 19. Rfb1 Qc6 20. Bc1 g5 21. Nd2 Nf4 22. f3 Nb3 23. Nxb3 cxb3 24. Rxb3 Rxd4 25. a5 Rd7 26. c4 Qc5+ 27. Kh1 Qxe5 28. Bb2 Rd4 29. Rb1 Nxh5 30. Bxd4 Qxd4 31. Rxb7 Ng3+ 32. Kh2 Nf1+ 33. Rxf1 Kxb7 34. g3 Rc8 35. Qb1+ Ka7 36. Rd1 Qc5 37. Qe4 Rc7 38. Rd8 Rb7 39. Kh3 h5 40. Qd4 Qxd4 41. Rxd4 f5 42. f4 gxf4 43. gxf4 Rc7 44. Kh4 Kb7 45. Kxh5 1/2-1/2

[Event "Minsk Amateur op"]
[Site "Minsk"]
[Date "2018.07.01"]
[Round "9"]
[White "Yudkevich, Mikhail"]
[Black "Arkhipov, Vladimir"]
[Result "0-1"]
[WhiteElo "2022"]
[BlackElo "2107"]
[PlyCount "62"]
[EventDate "2018.06.25"]
[EventType "swiss"]
[EventRounds "9"]
[EventCountry "BLR"]
[SourceTitle "CBM 185 Extra"]
[Source "ChessBase"]
[SourceDate "2018.07.29"]
[SourceVersion "1"]
[SourceVersionDate "2018.07.29"]
[SourceQuality "1"]

1. d4 Nf6 2. c4 b6 3. Nc3 Bb7 4. a3 e6 5. Bg5 Be7 6. e3 h6 7. Bh4 0-0 8. Nf3 d5 9. cxd5 exd5 10. Bd3 Nbd7 11. 0-0 Ne4 12. Bxe7 Qxe7 13. Rc1 c5 14. Bb1 Nxc3 15. Rxc3 c4 16. Bf5 Nf6 17. Ne5 b5 18. f4 a5 19. g4 b4 20. axb4 axb4 21. Rc1 Bc8 22. Bb1 Nd7 23. e4 Nxe5 24. dxe5 Qc5+ 25. Kg2 Bb7 26. exd5 Bxd5+ 27. Kg3 Qe3+ 28. Kh4 g5+ 29. fxg5 hxg5+ 30. Kh5 Kg7 31. Qxd5 Rh8+ 0-1

[Event "Minsk Amateur op"]
[Site "Minsk"]
[Date "2018.06.29"]
[Round "7"]
[White "Smolin, Sergey"]
[Black "Yudkevich, Mikhail"]
[Result "1/2-1/2"]
[WhiteElo "2162"]
[BlackElo "2022"]
[PlyCount "52"]
[EventDate "2018.06.25"]
[EventType "swiss"]
[EventRounds "9"]
[EventCountry "BLR"]
[SourceTitle "CBM 185 Extra"]
[Source "ChessBase"]
[SourceDate "2018.07.29"]
[SourceVersion "1"]
[SourceVersionDate "2018.07.29"]
[SourceQuality "1"]

1. e4 e6 2. d4 d5 3. Nd2 Nf6 4. e5 Nfd7 5. Bd3 c5 6. c3 Nc6 7. Ngf3 g6 8. a3 Bg7 9. b4 cxd4 10. cxd4 a6 11. Nb3 0-0 12. Ng5 Ndxe5 13. dxe5 Nxe5 14. Be2 Nc4 15. Ra2 a5 16. Nf3 e5 17. 0-0 Bf5 18. Re1 Qd6 19. Nxa5 Nxa5 20. bxa5 Rac8 21. Bd2 Rfe8 22. Bb4 Qc6 23. h3 d4 24. Bf1 Bc2 25. Qd2 d3 26. Bxd3 Bxd3 1/2-1/2

[Event "Minsk Amateur op"]
[Site "Minsk"]
[Date "2018.06.28"]
[Round "6"]
[White "Yudkevich, Mikhail"]
[Black "Tsvetkova, Vladislava"]
[Result "1-0"]
[WhiteElo "2022"]
[BlackElo "1702"]
[PlyCount "79"]
[EventDate "2018.06.25"]
[EventType "swiss"]
[EventRounds "9"]
[EventCountry "BLR"]
[SourceTitle "CBM 185 Extra"]
[Source "ChessBase"]
[SourceDate "2018.07.29"]
[SourceVersion "1"]
[SourceVersionDate "2018.07.29"]
[SourceQuality "1"]

1. d4 Nf6 2. c4 e6 3. g3 Bb4+ 4. Bd2 Qe7 5. Bg2 Nc6 6. e3 0-0 7. Ne2 Bxd2+ 8. Nxd2 d6 9. 0-0 e5 10. d5 Nb8 11. b4 a5 12. a3 c6 13. Qb3 Bd7 14. Nc3 Na6 15. Na4 Qd8 16. b5 cxb5 17. cxb5 Nc5 18. Nxc5 dxc5 19. a4 b6 20. Nc4 e4 21. Rad1 Bg4 22. Rd2 Bf3 23. Bh3 Ng4 24. Bg2 Qf6 25. Bxf3 exf3 26. e4 Rfe8 27. Re1 g5 28. d6 Rad8 29. Rd5 Ne5 30. Qc3 g4 31. Rxe5 Re6 32. Qa1 Qh6 33. h4 gxh3 34. Kh2 Rg6 35. d7 Qf8 36. Qd1 Rf6 37. Re3 Kh8 38. Rd5 Qe7 39. Ne5 Re6 40. Nc6 1-0

[Event "Minsk Amateur op"]
[Site "Minsk"]
[Date "2018.06.26"]
[Round "3"]
[White "Nurijanyan, Alex"]
[Black "Yudkevich, Mikhail"]
[Result "0-1"]
[WhiteElo "1675"]
[BlackElo "2022"]
[PlyCount "78"]
[EventDate "2018.06.25"]
[EventType "swiss"]
[EventRounds "9"]
[EventCountry "BLR"]
[SourceTitle "CBM 185 Extra"]
[Source "ChessBase"]
[SourceDate "2018.07.29"]
[SourceVersion "1"]
[SourceVersionDate "2018.07.29"]
[SourceQuality "1"]

1. e4 e6 2. d4 d5 3. Nd2 Nf6 4. e5 Nfd7 5. Bd3 c5 6. c3 Nc6 7. Ne2 cxd4 8. cxd4 f6 9. exf6 Qxf6 10. Nf3 h6 11. Nf4 Bb4+ 12. Kf1 0-0 13. Qc2 Rd8 14. Bh7+ Kh8 15. h4 Nf8 16. Bd3 Bd6 17. Ne2 Nb4 18. Qb3 Nxd3 19. Qxd3 Bd7 20. g4 Bb5 21. Qe3 Ng6 22. g5 Qf5 23. gxh6 Nf4 24. Nfg1 Qg4 25. hxg7+ Kg8 26. f3 Qg2+ 27. Ke1 Bxe2 28. Nxe2 Qxh1+ 29. Kd2 Qh2 30. h5 Qxe2+ 31. Qxe2 Nxe2 32. Kxe2 Kxg7 33. Bg5 Rd7 34. Rg1 Rg8 35. Rg4 Kh7 36. f4 Rf7 37. Ke3 Rf5 38. a3 Bxf4+ 39. Rxf4 Rgxg5 0-1

[Event "St Petersburg Summer op"]
[Site "St Petersburg"]
[Date "2017.08.23"]
[Round "8"]
[White "Yudkevich, Mikhail"]
[Black "Lagashin, Pavel"]
[Result "1/2-1/2"]
[WhiteElo "2009"]
[BlackElo "2162"]
[PlyCount "73"]
[EventDate "2017.08.16"]
[EventType "swiss"]
[EventRounds "9"]
[EventCountry "RUS"]
[SourceTitle "CBM 180 Extra"]
[Source "ChessBase"]
[SourceDate "2017.10.06"]
[SourceVersion "1"]
[SourceVersionDate "2017.10.06"]
[SourceQuality "1"]

1. d4 Nf6 2. c4 c5 3. d5 b5 4. cxb5 a6 5. bxa6 g6 6. Nc3 Bxa6 7. Nf3 Bg7 8. g3 d6 9. Bg2 Nbd7 10. Rb1 0-0 11. 0-0 Qa5 12. Bd2 Rfb8 13. b3 Ng4 14. Qc2 Bc8 15. a4 Nde5 16. Nxe5 Nxe5 17. Nb5 Qb6 18. Na3 Bf5 19. e4 Bc8 20. Nc4 Nxc4 21. bxc4 Qa7 22. a5 Ba6 23. Rfe1 Rxb1 24. Rxb1 Rb8 25. Bf1 Bd4 26. Bd3 Kg7 27. Rb3 h5 28. h4 Bc8 29. Qb1 Rxb3 30. Qxb3 Qd7 31. Be2 e5 32. dxe6 Qxe6 33. Qd3 Bb7 34. Bf3 Ba6 35. Be2 Bb7 36. Bf3 Ba6 37. Be2 1/2-1/2

[Event "St Petersburg Summer op"]
[Site "St Petersburg"]
[Date "2017.08.19"]
[Round "4"]
[White "Yudkevich, Mikhail"]
[Black "Bondarenko, Ivan"]
[Result "0-1"]
[WhiteElo "2009"]
[BlackElo "2207"]
[PlyCount "110"]
[EventDate "2017.08.16"]
[EventType "swiss"]
[EventRounds "9"]
[EventCountry "RUS"]
[SourceTitle "CBM 180 Extra"]
[Source "ChessBase"]
[SourceDate "2017.10.06"]
[SourceVersion "1"]
[SourceVersionDate "2017.10.06"]
[SourceQuality "1"]

1. d4 Nf6 2. c4 e6 3. g3 c5 4. d5 exd5 5. cxd5 b5 6. e4 Nxe4 7. Bg2 Nd6 8. Nf3 Be7 9. 0-0 0-0 10. Re1 Na6 11. Bf4 Bb7 12. Qe2 Re8 13. Bxd6 Bxd6 14. Qxb5 Rxe1+ 15. Nxe1 Rb8 16. Nc3 Bc8 17. Qe2 Bf8 18. Rb1 Nc7 19. Nc2 g6 20. Qd2 Nb5 21. Nxb5 Rxb5 22. Bf1 Rb8 23. b3 a5 24. a4 d6 25. Na3 Rb4 26. Bc4 Bd7 27. Qe2 Qb8 28. Rd1 Rxb3 29. Bxb3 Qxb3 30. Nc4 Bxa4 31. Ra1 Bb5 32. Nxa5 Bxe2 33. Nxb3 Bc4 34. Nd2 Bxd5 35. Kf1 Kg7 36. Ke2 h6 37. Kd3 Be6 38. Nc4 d5 39. Ne5 Bd6 40. f4 Kf6 41. Re1 Bc7 42. Nc6 g5 43. fxg5+ hxg5 44. Ra1 Bf5+ 45. Kd2 Ke6 46. Na5 Be5 47. Rc1 Bd6 48. Nb7 c4 49. Nxd6 Kxd6 50. Kc3 Kc5 51. Rd1 g4 52. Rd4 Be4 53. Rd2 Bd3 54. Rf2 d4+ 55. Kd2 f5 0-1

[Event "St Petersburg Summer op"]
[Site "St Petersburg"]
[Date "2017.08.16"]
[Round "1"]
[White "Bodnaruk, Anastasia"]
[Black "Yudkevich, Mikhail"]
[Result "1-0"]
[WhiteElo "2440"]
[BlackElo "2009"]
[PlyCount "63"]
[EventDate "2017.08.16"]
[EventType "swiss"]
[EventRounds "9"]
[EventCountry "RUS"]
[SourceTitle "CBM 180 Extra"]
[Source "ChessBase"]
[SourceDate "2017.10.06"]
[SourceVersion "1"]
[SourceVersionDate "2017.10.06"]
[SourceQuality "1"]

1. e4 c5 2. Nc3 Nc6 3. Nge2 d6 4. d4 cxd4 5. Nxd4 Nf6 6. Bc4 Qb6 7. Nb3 e6 8. Be3 Qd8 9. Be2 Be7 10. 0-0 0-0 11. f4 Bd7 12. Qe1 Rc8 13. Rd1 a6 14. Qf2 Qc7 15. Bb6 Qb8 16. Bf3 Bd8 17. Be3 b5 18. g4 Be8 19. Kh1 Na5 20. e5 dxe5 21. Rxd8 Rxd8 22. Nxa5 b4 23. Ne4 Nxe4 24. Bxe4 Bb5 25. Rg1 exf4 26. Bxf4 Qc8 27. Qh4 f5 28. gxf5 exf5 29. Be5 Rf7 30. Bxf5 Rxf5 31. Rxg7+ Kf8 32. Qe7# 1-0

[Event "Chigorin Memorial 23rd"]
[Site "St Petersburg"]
[Date "2015.10.09"]
[Round "7"]
[White "Yudkevich, Mikhail"]
[Black "Vinod, Gopal"]
[Result "1-0"]
[WhiteElo "2154"]
[BlackElo "1990"]
[PlyCount "99"]
[EventDate "2015.10.03"]
[EventType "swiss"]
[EventRounds "9"]
[EventCountry "RUS"]
[SourceTitle "CBM 168 Extra"]
[Source "ChessBase"]
[SourceDate "2015.10.29"]
[SourceVersion "1"]
[SourceVersionDate "2015.10.29"]
[SourceQuality "1"]

1. Nf3 Nf6 2. c4 c6 3. b3 d5 4. Bb2 Bf5 5. e3 e6 6. Be2 Bd6 7. 0-0 h6 8. Nc3 Nbd7 9. Rc1 0-0 10. Nd4 Bh7 11. cxd5 exd5 12. f4 Nc5 13. d3 Re8 14. Qd2 Ne6 15. Nd1 Qe7 16. Nxe6 Qxe6 17. Bf3 Re7 18. Bd4 a5 19. Nf2 Bb4 20. Qb2 Rae8 21. g3 Nd7 22. a3 Bd6 23. e4 dxe4 24. dxe4 f5 25. e5 Bc7 26. Nd3 g5 27. Rfd1 Rg7 28. Kh1 Bg6 29. b4 axb4 30. Nxb4 gxf4 31. gxf4 Bf7 32. Qf2 Qe7 33. Rg1 Be6 34. Be3 Kh7 35. Rxg7+ Qxg7 36. Nc2 Bxe5 37. fxe5 Nxe5 38. Bd4 Qg5 39. Rg1 Ng4 40. Qg3 Bd5 41. Bxd5 cxd5 42. h3 Rc8 43. Ne1 Qh5 44. Nf3 Rc2 45. Rf1 b5 46. Kg1 Rc4 47. Re1 Qf7 48. hxg4 f4 49. Ne5 Qg7 50. Qd3+ 1-0

[Event "Chigorin Memorial 20th"]
[Site "St Petersburg"]
[Date "2012.11.02"]
[Round "7"]
[White "Yudkevich, Mikhail"]
[Black "Ignatyev, Viktor Aleksandrovi"]
[Result "0-1"]
[WhiteElo "2099"]
[BlackElo "2254"]
[PlyCount "130"]
[EventDate "2012.10.27"]
[EventType "swiss"]
[EventRounds "9"]
[EventCountry "RUS"]
[SourceTitle "EXT 2013"]
[Source "ChessBase"]
[SourceDate "2012.11.22"]
[SourceVersion "1"]
[SourceVersionDate "2012.11.22"]
[SourceQuality "1"]

1. d4 Nf6 2. c4 g6 3. Nc3 Bg7 4. e4 d6 5. Be2 0-0 6. Nf3 e5 7. 0-0 Nc6 8. d5 Ne7 9. Ne1 Nd7 10. Nd3 f5 11. b4 Nf6 12. f3 f4 13. c5 g5 14. Bd2 Ng6 15. a4 Rf7 16. cxd6 cxd6 17. a5 h5 18. Nf2 Bf8 19. Rc1 Rg7 20. Nb5 a6 21. Na3 Nh8 22. Nc4 Nd7 23. Rc3 b5 24. axb6 Nxb6 25. Nxb6 Qxb6 26. Rc6 Qd8 27. h3 Nf7 28. Qc2 Nh6 29. Rc1 Bd7 30. Rc7 Be7 31. Be1 Qe8 32. Ra1 Bd8 33. Rb7 Kh8 34. Rxa6 Rxa6 35. Bxa6 g4 36. fxg4 hxg4 37. hxg4 Nxg4 38. Nxg4 Rxg4 39. Rxd7 Qxd7 40. Bc8 Qa7+ 41. Qf2 Bb6 42. Bxg4 Bxf2+ 43. Bxf2 Qa1+ 44. Kh2 Qb2 45. Bh4 Qxb4 46. Bf3 Kg7 47. Kg1 Qb8 48. Bf2 Kg6 49. Bh4 Qb1+ 50. Kh2 Qc1 51. Bg4 Qc4 52. Bf3 Qc8 53. Be2 Qh8 54. Kh3 Kf7 55. Bg4 Ke8 56. Be6 Qh7 57. Bf5 Qa7 58. Bg4 Qg1 59. Bf3 Kf7 60. Bh5+ Kg7 61. Bf3 Qh1+ 62. Kg4 Kg6 63. g3 Qh2 64. Bd1 fxg3 65. Bxg3 Qh5# 0-1